| 000 | 00727 a2200181 4500 | ||
|---|---|---|---|
| 020 | _a0521337070 | ||
| 020 | _a9780521337076 | ||
| 090 |
_c316 _d316 |
||
| 100 | 1 | _aPenrose, Roger. | |
| 245 | 1 | 0 |
_aSpinors and space-time : _b. _nVolume 1, two-spinor calculus and relativistic fields / _cRoger Penrose, Wolfgang Rindler. |
| 260 |
_a[S.l.] : _bCambridge University Press, _c1987. |
||
| 300 |
_a472 p. ; _c23 cm. |
||
| 490 | 1 | _aCambridge monographs on mathematical physics. | |
| 700 | 1 | _aRindler, Wolfgang. | |
| 830 | 0 | _aCambridge monographs on mathematical physics. | |
| 942 |
_aSNS _cBK _k512.57 RIN |
||
| 999 |
_c28951 _d28951 |
||